000 00848nam a2200229Ii 4500
003 JO-AjNU
008 230605s9999||||xx |||||||||||||| ||und||
017 _a2016/3/1318
020 _a978-9957-616-38-0
040 _aJO-AjNU
_bara
_erda
_cJO-AjNU
041 _aara
050 1 4 _aHF5679 .T33 2017
100 3 _aالطبري، محمود عمر، م. مشارك خالد جمال الجعارات,
_eauthor
_958159
245 0 0 _aتطبيقات محاسبة باستخدام الجداول الإلكترونية مايكروسوفت أوفيس إكسيل
250 _aط1
264 3 1 _aعمان: دار صفاء للنشر والتوزيع، 2018
300 _a320ص
336 _atext
_btxt
_2rdacontent
337 _aunmediated
_bn
_2rdamedia
338 _avolume
_bnc
_2rdacarrier
650 4 _aالمحاسبة-الانترنت
_958160
999 _aA26103
_c29671
_d29671